My Little Pony - What My Cutie Mark Is Telling Me - Lyrics Quiz - Statistics

General Stats
  • This quiz has been taken 85 times
  • The average score is 228 of 265
Answer Stats
Character Lyrics % Correct
a
98%
to
98%
be
97%
cutie
97%
do,
97%
Fluttershy | Pinkie Pie I
97%
is
97%
mark
97%
me
97%
me!
97%
my
97%
My
97%
no,
97%
no
97%
No
97%
on
97%
tellin'
97%
telling
97%
the
97%
to
97%
what
97%
it
95%
It's
95%
it's
95%
not
95%
try
95%
try,
95%
destiny,
93%
destiny
93%
don't
93%
got
93%
them,
93%
them
93%
They
93%
animals
92%
bit
92%
can
92%
listen,
92%
their
92%
Rainbow Dash These
92%
and
90%
Rainbow Dash, Fluttershy and Rarity And
90%
'cause
90%
matter
90%
of
90%
one
90%
But
88%
but
88%
little
88%
see
88%
up
88%
smile
85%
throw
85%
you
85%
control
83%
fits
83%
for
83%
For
83%
hissy
83%
stop
83%
around
81%
out
81%
cannot
80%
keep
80%
that
80%
water
80%
face
78%
put
78%
run
78%
this
78%
busted
76%
dress
76%
fix
76%
have
76%
I'm
76%
has
75%
look
75%
much
75%
much,
75%
think
75%
just
73%
sunburns
73%
all
71%
care
71%
frostbite
71%
fruit
71%
in
71%
know
71%
laughing,
71%
pickin'
71%
pretty,
71%
so
71%
top
71%
at
69%
here
69%
over
69%
weather
69%
All Yes,
69%
disgrace
68%
distress
68%
fun
68%
gave
68%
help
68%
made,
68%
patterns,
68%
trying,
68%
being
66%
hoot
66%
entertain
64%
seems
64%
with
64%
like
63%
mess?
63%
under
63%
chute!
61%
doesn't
61%
some
61%
such
61%
love
59%
many
59%
plainly
59%
chores
58%
give
58%
plowin'
58%
there
58%
concerns
56%
everyone
56%
hand
56%
fields
54%
Applejack Lookie
54%
others
54%
ain't
51%
Could
46%
y'all
46%
uppon
7%
No matching quizzes found
Score Distribution
Percent of People with Each Score
Percentile by Number Answered
Your Score History
You have not taken this quiz